书目信息 |
| 题名: |
中国人常用英语口语900句
|
|
| 作者: | 谭立伟 , 刘大为 主编 | |
| 分册: | ||
| 出版信息: | 长春 吉林科学技术出版社 2004.02 |
|
| 页数: | 265页 | |
| 开本: | 21cm | |
| 丛书名: | "中国人"系列丛书 | |
| 单 册: | ||
| 中图分类: | H319.9 | |
| 科图分类: | ||
| 主题词: | 英语--ying yu--口语 | |
| 电子资源: | ||
| ISBN: | 7-5384-1920-9 | |
| 000 | 01192nam 2200301 450 | |
| 001 | 012006696039 | |
| 005 | 20060314115252.70 | |
| 010 | @a7-5384-1920-9@dCNY19.80 (含光盘) | |
| 100 | @a20060314d2004 km y0chiy0120 ea | |
| 101 | 0 | @achi@aeng |
| 102 | @aCN@b220000 | |
| 105 | @ay z 000yy | |
| 200 | 1 | @a中国人常用英语口语900句@Azhong guo ren chang yong ying yu kou yu 900 ju@f谭立伟, 刘大为主编@Ftan li wei,liu da wei zhu bian |
| 210 | @a长春@c吉林科学技术出版社@d2004.02 | |
| 215 | @a265页@d21cm@e光盘1片 | |
| 225 | 2 | @a"中国人"系列丛书@A"zhong guo ren"xi lie cong shu |
| 300 | @a立体图书 | |
| 307 | @a光盘 ISBN : 7-900379-13-4 | |
| 312 | @a英文题名取自封面。 | |
| 330 | @a本书主要面临三大难题:词句的贴切,语言的规范和句式的实用。本着简明实用的原则,以每天学习一个单元的编排形式,将一个域内的主要知识分成若干个主题,每个主题又包含若干个单元。 | |
| 410 | 0 | @12001 @a"中国人"系列丛书 |
| 510 | 1 | @aNine hundred English sentences of everyday spoken English for Chinese@zeng |
| 606 | 0 | @a英语@Aying yu@x口语 |
| 690 | @aH319.9@v4 | |
| 701 | 0 | @a谭立伟@Atan li wei@4主编 |
| 701 | 0 | @a刘大为@Aliu da wei@4主编 |
| 801 | 0 | @aCN@bQSSK@c20060314 |
| 905 | @a10447@dH319.9@eT117 | |
| 中国人常用英语口语900句/谭立伟, 刘大为主编.-长春:吉林科学技术出版社,2004.02 |
| 265页;21cm+光盘1片.-("中国人"系列丛书) |
| 立体图书 |
| ISBN 7-5384-1920-9:CNY19.80 (含光盘) |
| 本书主要面临三大难题:词句的贴切,语言的规范和句式的实用。本着简明实用的原则,以每天学习一个单元的编排形式,将一个域内的主要知识分成若干个主题,每个主题又包含若干个单元。 |
| ● |
| 相关链接 |
|
|
|
正题名:中国人常用英语口语900句
索取号:H319.9/T117
 
预约/预借
| 序号 | 登录号 | 条形码 | 馆藏地/架位号 | 状态 | 备注 |
| 1 | 556283 | 205562835 | 语言库209/209语言库 108排2列2层/ [索取号:H319.9/T117] | 在馆 | |
| 2 | 556284 | 205562844 | 语言库209/209语言库 108排2列2层/ [索取号:H319.9/T117] | 在馆 | |
| 3 | 556285 | 205562853 | 语言库209/209语言库 108排2列2层/ [索取号:H319.9/T117] | 在馆 |